000 01169nmm a2200313 a 4500
003 AR-BaBNM
005 20251128203902.0
008 077019s1969 ||||||||||||||000 | spa||
040 _cAR-BaBNM
100 1 _aSommers, N.L.
245 1 0 _aVida, libros y deberes
250 _a1ª ed.
260 _aBuenos Aires
_bPaidós
_bCentro Regional de Ayuda Técnica. Agencia para el Desarrollo Internacional
_c1969
300 0 _a167 p.
_bil., diagr.
500 1 _aEsta publicación ha sido preparada conjuntamente por la editorial y el Centro Regional de Ayuda Técnica, Agencia para el Desarrollo Internacional AID, Departamento de Estado del Gobierno de los Estados Unidos de América. El Centro es una organización dedi
504 _aBibliografía: p. 164-167
650 4 _aACTIVIDADES AL AIRE LIBRE
650 4 _aTIEMPO LIBRE
650 4 _aBIBLIOTECAS ESCOLARES
650 4 _aEDUCACION EXTRAESCOLAR
650 4 _aTAREAS ESCOLARES
650 4 _aRESPONSABILIDAD DEL NINO
653 0 _aCAMPAMENTOS EDUCATIVOS
700 1 _aSpears, William R.
700 1 _aBurchfield, Maurice D.
700 1 _aWolfson, Leandro
_etraductor
942 _cBK
998 _cSILVI
999 _c5326
_d5326